Länder in der Nähe von Algerien - Statistiken

Allgemein
  • Dieses Quiz wurde 158 mal gespielt
  • Das Durchschnittsergebnis liegt bei 15 aus 20
Antwortstatistiken
Km Land % Korrekt
0 Marokko
100%
0 Tunesien
98%
0 Mali
95%
0 Libyen
93%
0 Niger
92%
68 Spanien
92%
214 Italien
89%
0 Mauretanien
87%
312 Tschad
81%
494 Frankreich
79%
521 Portugal
79%
601 Nigeria
74%
500 Malta
70%
613 Burkina Faso
59%
838 San Marino
58%
642 Vatikanstadt
56%
739 Monaco
55%
637 Andorra
49%
0 Westsahara
36%
733 Benin
29%
Keine übereinstimmenden Quizze gefunden
Verteilung der Resultate
Anzahl Personen mit jedem Resultat
Perzentil nach korrekt beantworteten Fragen
Ihre Resultats-Entwicklung
Sie haben dieses Quiz noch nicht gespielt